Los dedos de Walt Disney / (Registro nro. 875)
[ vista simple ]
| 000 -LEADER | |
|---|---|
| fixed length control field | 01503nam a22002657a 4500 |
| 003 - CONTROL NUMBER IDENTIFIER | |
| control field | AR-RoUNCS |
| 005 - DATE AND TIME OF LATEST TRANSACTION | |
| control field | 20260204133821.0 |
| 008 - FIXED-LENGTH DATA ELEMENTS--GENERAL INFORMATION | |
| fixed length control field | 111109s2010 ag gr 001 f spa |
| 015 ## - NATIONAL BIBLIOGRAPHY NUMBER | |
| National bibliography number | AR-2010 |
| 020 ## - INTERNATIONAL STANDARD BOOK NUMBER | |
| International Standard Book Number | 978-950-07-3157-7 |
| 040 ## - CATALOGING SOURCE | |
| Original cataloging agency | AR-BaBN |
| Language of cataloging | spa |
| Transcribing agency | AR-RoUNCS |
| Description conventions | aacr |
| 080 1# - UNIVERSAL DECIMAL CLASSIFICATION NUMBER | |
| Universal Decimal Classification number | 821.134.2(82)-93 |
| Edition identifier | 2016 |
| 080 1# - UNIVERSAL DECIMAL CLASSIFICATION NUMBER | |
| Universal Decimal Classification number | 82-32(82) |
| Edition identifier | 2016 |
| 100 1# - MAIN ENTRY--PERSONAL NAME | |
| Personal name | Sasturain, Juan, |
| Dates associated with a name | 1945- |
| Relator term | autor |
| Relationship | aut |
| 245 14 - TITLE STATEMENT | |
| Title | Los dedos de Walt Disney / |
| Statement of responsibility, etc. | Juan Sasturain. |
| 250 ## - EDITION STATEMENT | |
| Edition statement | 2a ed. |
| 260 ## - PUBLICATION, DISTRIBUTION, ETC. | |
| Place of publication, distribution, etc. | Buenos Aires : |
| Name of publisher, distributor, etc. | Sudamericana, |
| Date of publication, distribution, etc. | 2010. |
| 300 ## - PHYSICAL DESCRIPTION | |
| Extent | 175 p. ; |
| Dimensions | 21 cm. |
| 490 0# - SERIES STATEMENT | |
| Series statement | Sudamericana Joven. |
| 520 3# - SUMMARY, ETC. | |
| Summary, etc. | Una novela juvenil al mejor estilo Sasturain: humor, absurdo y mucha aventura. Todo empezó un viernes 13 cuando Nacho y Quico salieron del colegio desolados: la implacable señorita Virginia Luján los había desaprobado en el examen final de Historia Antigua y Medieval. Pero esto fue tan sólo el principio de un largo y extraño viernes 13, plagado de encuentros y personajes inesperados: Demoléitor, la chica del champú, Mac Pato, los Gladiolos, Tomás y su pandilla ecológica... Por si esto fuera poco, algunos creyeron ver hasta el mismísimo cadáver de Walt Disney. En medio de tanta aventura, Nacho encuentra un espacio para reflexionar sobre la relación con su madre y su padre ausente, y el nuevo lugar que le ha tocado ocupar . |
| 650 #7 - SUBJECT ADDED ENTRY--TOPICAL TERM | |
| Source of heading or term | embne |
| Topical term or geographic name entry element | Literatura argentina |
| 655 #7 - INDEX TERM--GENRE/FORM | |
| Genre/form data or focus term | Novelas juveniles |
| Source of term | embne |
| 655 #7 - INDEX TERM--GENRE/FORM | |
| Genre/form data or focus term | Literatura juvenil |
| Source of term | embne |
| 942 ## - ADDED ENTRY ELEMENTS (KOHA) | |
| Source of classification or shelving scheme | Universal Decimal Classification |
| Koha item type | Libro de préstamo a domicilio |
| Suppress in OPAC | No |
| Withdrawn status | Lost status | Source of classification or shelving scheme | Damaged status | Not for loan | Collection | Home library | Current library | Date acquired | Source of acquisition | Total checkouts | Full call number | Barcode | Date last seen | Price effective from | Koha item type |
|---|---|---|---|---|---|---|---|---|---|---|---|---|---|---|---|
| Universal Decimal Classification | Colección General | Biblioteca Escuela de Ciencias Sociales | Biblioteca Escuela de Ciencias Sociales | 04/02/2026 | Donación 2023 | 82-32(82) S252 | 000266 | 04/02/2026 | 04/02/2026 | Libro de préstamo a domicilio |